Culture Générale - Clic Quiz - La réponse est en emoji par IA #3 - Statistiques

Statistiques générales
  • Ce quiz a été pris 534 fois
  • Le résultat moyen est 22 sur 40
Statistiques - réponses
Hint Réponse % Correct
Peter Parker
84%
Daniel Craig
83%
Keanu Reeves
83%
Charles Aznavour
83%
Jacques Chirac
82%
Clark Kent
81%
Robert Pattinson
80%
Al Capone
78%
Pablo Escobar
76%
Bruce Wayne
74%
Jimmy Fallon
69%
Hulk Hogan
68%
Bernard Tapie
63%
Michel Platini
63%
Michael Phelps
62%
Marco Verratti
60%
Eric Cantona
59%
Jean-Jacques Rousseau
58%
Francesco Totti
57%
Ronald Reagan
56%
Frank Sinatra
56%
Slash
54%
Tony Hawk
53%
PewDiePie
53%
Nikola Tesla
52%
Steve Harvey
46%
Tony Blair
45%
Rembrandt
45%
John Wayne
45%
David Copperfield
44%
Aaron Paul
43%
Sigmund Freud
42%
Richard Nixon
41%
Friedrich Nietzsche
37%
Paul Cezanne
36%
Orson Welles
27%
Serj Tankian
27%
Bernard Madoff
24%
Michel Foucault
18%
Chester Bennington
18%
Aucun quiz correspondant
Distribution des résultats
% des personnes avec chaque résultat
Percentile par nombre de réponses
Votre historique - résultats
Vous n’avez pas pris ce quiz